Otvoria sa nám nové trhy

Smernica EÚ o ochrane práv spotrebiteľa, platná v celej EÚ a tiež v Nórsku a na Islande. Má pomôcť kupujúcim cez internet (v e-shopoch). Prijatím nových pravidiel vzniklo pre obchodníkov desať nových povinností, ktoré sú to.

Gespeichert in:
Bibliographische Detailangaben
1. Verfasser: Krausz, Táňa
Format: Buchkapitel
Sprache:Slowakisch
Schlagworte:
Tags: Tag hinzufügen
Keine Tags, Fügen Sie das erste Tag hinzu!

MARC

LEADER 00000naa a2200000 4500
001 0214305
005 20160322093222.6
041 0 |a slo 
044 |a SK 
245 1 0 |a Otvoria sa nám nové trhy  |c Táňa Krausz 
520 |a Smernica EÚ o ochrane práv spotrebiteľa, platná v celej EÚ a tiež v Nórsku a na Islande. Má pomôcť kupujúcim cez internet (v e-shopoch). Prijatím nových pravidiel vzniklo pre obchodníkov desať nových povinností, ktoré sú to. 
610 2 0 |a ochrana spotrebiteľa 
610 2 0 |a obchod elektronický 
610 2 0 |a Európska únia 
100 1 |a Krausz, Táňa